Last 15 Managers of Real Madrid - Statistics

General Stats
  • This quiz has been taken 296 times
    80 since last reset
  • The average score is 8 of 15
Answer Stats
Answer % Correct
Carlo Ancelotti
99%
Zinédine Zidane
99%
Xabi Alonso
97%
Álvaro Arbeloa
89%
José Mourinho
89%
Rafa Benítez
70%
Julen Lopetegui
60%
Manuel Pellegrini
52%
Fabio Capello
51%
Santiago Solari
51%
Bernd Schuster
25%
Vanderlei Luxemburgo
25%
Juande Ramos
15%
Juan Ramón López Caro
8%
Mariano García Remón
7%
No matching quizzes found
Score Distribution
Percent of People with Each Score
Percentile by Number Answered
Your Score History
You have not taken this quiz since the last reset